000 00557cas a22002055a 4500
001 ##L134047
008 060704d19951999xxkmr p 0 a0eng u
022 1 _a1357-6763
035 _a(Sirsi) u134047
041 0 _aeng
245 0 0 _aBuilding Economist
260 3 _aLondon
_bBuilder Group
_c1995-1999
362 1 _aJanuary 1997-January 1999
554 _a12 per year
651 4 _aUnited Kingdom
_y
690 _aBUILT ENVIRONMENT-CONSTRUCTION MARKET
780 0 0 _tBuilding Market Report
785 0 0 _tBuilding Intelligence
_x1465-8143
942 _n0
999 _c118863
_d118863